000 00972 am a2200229 a 4500
005 20240527122507.0
008 100906s1988||||mx a f |||| 001 0 spa d
020 _a9683203736
041 _aspa
092 _c617.7
_l62
_sOPS
110 1 _aOPS
_963
_gOrganización Panamericana de la Salud.
245 _aOftalmología aplicada.
_bManual de oftalmología básica, para el médico no oftalmólogo y el estudiante de medicina /
_cOrganización Panamericana de la Salud.
250 _a1a ed.
260 _aMéxico:
_bOPS/OMS ; Salvat;
_c1988.
300 _a166 p.
500 _aOrganización Panamericana de la Salud. (1988). Oftalmología aplicada. Manual de oftalmología básica, para el médico no oftalmólogo y el estudiante de medicina. (1a ed.). Washington : OPS/OMS ; Salvat.
590 _aOPS Serie Paltex para ejecutores de programas de salud. Donación Dr Oliva Sept. 2010
653 _aOftalmología
930 _a2144
930 _a2145
942 _2ddc
_cBK
999 _c698
_d698